[Event "ESP-ch Catalunya U12"]
[Site "Cambrils"]
[Date "2024.03.24"]
[Round "2"]
[White "Hijarrubia Alvarez, Cuevas Gonzalo"]
[Black "Casanovas Prats, Ibai"]
[Result "1-0"]
[WhiteElo "1827"]
[BlackElo "1540"]
[PlyCount "59"]
[EventDate "2024.03.23"]
[EventType "swiss"]
[EventRounds "9"]
[EventCountry "ESP"]
[SourceTitle "EXT 2025"]
[Source "ChessBase"]
[SourceDate "2024.10.14"]
[SourceVersion "1"]
[SourceVersionDate "2024.10.14"]
[SourceQuality "1"]

1. e4 c5 2. Nf3 d6 3. d4 cxd4 4. Nxd4 Nf6 5. Nc3 a6 6. f3 e6 7. Be3 Be7 8. Qd2 0-0 9. g4 Nc6 10. 0-0-0 Nd7 11. h4 Nde5 12. Qf2 Bd7 13. Be2 Na5 14. Qg3 Nec4 15. Bxc4 Nxc4 16. Bf2 Rc8 17. f4 Qc7 18. g5 g6 19. h5 b5 20. hxg6 fxg6 21. Qh3 Rf7 22. Nxe6 Bxe6 23. Qxe6 Nxb2 24. Rxh7 Bxg5 25. Qxg6+ Rg7 26. Qxg7+ Qxg7 27. Rxg7+ Kxg7 28. Bd4+ Bf6 29. Bxf6+ Kxf6 30. Kxb2 1-0